Το λεξικό στη διδακτική πράξη και στον εκπαιδευτικό σχεδιασμό : διδακτορική διατριβή

Saved in:
Bibliographic Details
Main Author: Χατζηδήμου, Κωνσταντίνος Δ.
Format: Thesis Book
Language:Greek
Published: 2007
Subjects:
Online Access:http://hdl.handle.net/11610/10937
Tags: Add Tag
No Tags, Be the first to tag this record!

MARC

LEADER 00000cam a2200000 i 4500
001 1/73037
008 080131s2007 gre d
035 |l 10094298 
040 |a GR-MY-UA  |b gre  |e aacr 
041 0 |a gre 
082 0 |a 371.27  |2 (22) 
100 1 |a Χατζηδήμου, Κωνσταντίνος Δ. 
245 1 3 |a Το λεξικό στη διδακτική πράξη και στον εκπαιδευτικό σχεδιασμό :  |b διδακτορική διατριβή /  |c του Κωνσταντίνου Δ. Χατζηδήμου ; εξεταστική επιτροπή: Χρυσή Βιτσιλάκη, Μιχάλης Κελπανίδης, Αλεξάνδρα Ζερβού...[κ. ά.] 
260 |c 2007 
300 |a 267 σ.;  |c 30 εκ. 
500 |a Εξεταστική επιτροπή: Χρυσή Βιτσιλάκη, Μιχάλης Κελπανίδης, Αλεξάνδρα Ζερβού...[κ. ά.] 
502 # # |a Διατριβή (διδακτορική) – Πανεπιστήμιο Αιγαίου, Ρόδος, 2007. 
504 |a Περιλαμβάνει βιβλιογραφίες 
610 2 0 |a University of the Aegean  |x Dissertations. 
650 0 0 |a Educational planning  |z Greece. 
650 0 0 |a Educational accelaration. 
650 0 0 |a Teaching  |z Greece. 
650 0 0 |a Dissertations, Academic  |z Greece. 
852 |a INST  |b RHODES  |c DIATR  |e 20080131  |h 371.27 ΧΑΤ  |p 005400030127  |q 005400030127  |t PHD  |y 23 
852 |a INST  |b RHODES  |c DIATR  |e 20080131  |h 371.27 ΧΑΤ  |p 005400030128  |q 005400030128  |t PHD  |y 23 
856 |u http://hdl.handle.net/11610/10937 
901 |a BIBL4-2008-1 
909 |a Ρ  |b 128304 
909 |a Ρ  |b 128305 
924 |a ΧΑΤΖΗΔΗΜΟΥ  |b ΚΩΝΣΤΑΝΤΙΝΟΣ  |y ΡΟΔΟΣ  |z 2007-12 
970 |a ΜΙΣΣΟΣ  |b ΣΤΑΥΡΟΣ  |z 2008/01/31